UBT Library

Einführung in die Mikroökonomie / (Record no. 236)

000 -LEADER
fixed length control field 00650nam a22002297a 4500
008 - FIXED-LENGTH DATA ELEMENTS--GENERAL INFORMATION
fixed length control field 131031b xxu||||| |||| 00| 0 ger d
020 ## - INTERNATIONAL STANDARD BOOK NUMBER
International Standard Book Number 3486219936
041 0# - LANGUAGE CODE
Language code of text/sound track or separate title ger
080 ## - UNIVERSAL DECIMAL CLASSIFICATION NUMBER
Universal Decimal Classification number 330.101.542
100 ## - Rafti
Rafti Böventer, Edwin von
245 ## - TITLE STATEMENT
Title Einführung in die Mikroökonomie /
Statement of responsibility, etc Edwin von Böventer
250 ## -
-- 7.Auflage
300 ## -
-- 339 f. :
-- me il. ;
-- 24 cm.
500 ## -
-- Vorwort (zur 7., 6., 5., 4., 3., 2., 1. Auflage : f. [VII]-IX
650 ## -
-- Mikroekonomia
700 1# -
-- Beutel, Jörg
700 1# -
-- Illing, Gerhard
700 1# -
-- John, Heimo Jürgen
700 1# -
-- Koll, Robert
700 1# -
-- Matzka, Rudolf
942 ## - ADDED ENTRY ELEMENTS (KOHA)
Source of classification or shelving scheme
Item type Books
Holdings
Withdrawn status Lost status Source of classification or shelving scheme Damaged status Not for loan Collection code Permanent location Current location Shelving location Date acquired Total Checkouts Full call number Barcode Date last seen Koha item type
          Koleksioni i përgjithshem UBT - Prishtine UBT - Prishtine Koleksioni i përgjithshem 10/31/2013   330.101.542 BEU 001-000274 10/31/2013 Books
UBT Library © 2015-2024. All rights reserved University Education for Business and Technology